Guide to working capital management (Record no. 76069)
[ view plain ]
| 000 -LEADER | |
|---|---|
| fixed length control field | 01059nam a2200205 a 4500 |
| 008 - FIXED-LENGTH DATA ELEMENTS--GENERAL INFORMATION | |
| fixed length control field | 120416s1979 ||||||||||||||||| || u |
| 020 ## - INTERNATIONAL STANDARD BOOK NUMBER | |
| International Standard Book Number | 0070585458 |
| 050 ## - LIBRARY OF CONGRESS CALL NUMBER | |
| Classification number | HG 4026 Smi |
| 100 ## - MAIN ENTRY--PERSONAL NAME | |
| Personal name | Smith, Keith V |
| 245 10 - TITLE STATEMENT | |
| Title | Guide to working capital management |
| 260 ## - PUBLICATION, DISTRIBUTION, ETC. | |
| Place of publication, distribution, etc. | London: |
| Name of publisher, distributor, etc. | McGraw-Hill |
| Date of publication, distribution, etc. | 1979 |
| 300 ## - PHYSICAL DESCRIPTION | |
| Extent | viii, 252p. : ill. |
| 350 ## - | |
| -- | 0.00 |
| 650 ## - SUBJECT ADDED ENTRY--TOPICAL TERM | |
| Topical term or geographic name entry element | WORKING CAPITAL |
| 650 ## - SUBJECT ADDED ENTRY--TOPICAL TERM | |
| Topical term or geographic name entry element | BUSINESS ENTERPRISES--FINANCE |
| 995 ## - | |
| -- | ANNEX COLLECTION (Main Library) |
| -- | 0.00 |
| -- | 007421 |
| -- | CBU-MAIN LIBRARY (Kitwe) |
| -- | 4 |
| -- | 13.50 |
| -- | HG 4026 Smi |
| -- | AVAILABLE |
| -- | 007421 |
| -- | Annex Low-Usage Collection |
| 995 ## - | |
| -- | ANNEX COLLECTION (Main Library) |
| -- | 0.00 |
| -- | 007420 |
| -- | CBU-MAIN LIBRARY (Kitwe) |
| -- | 3 |
| -- | 13.50 |
| -- | HG 4026 Smi |
| -- | AVAILABLE |
| -- | 007420 |
| -- | Annex Low-Usage Collection |
| 995 ## - | |
| -- | ANNEX COLLECTION (Main Library) |
| -- | 0.00 |
| -- | 007419 |
| -- | CBU-MAIN LIBRARY (Kitwe) |
| -- | 2 |
| -- | 13.50 |
| -- | HG 4026 Smi |
| -- | AVAILABLE |
| -- | 007419 |
| -- | Annex Low-Usage Collection |
| 995 ## - | |
| -- | ANNEX COLLECTION (Main Library) |
| -- | 0.00 |
| -- | 007422 |
| -- | CBU-MAIN LIBRARY (Kitwe) |
| -- | 1 |
| -- | 13.50 |
| -- | HG 4026 Smi |
| -- | AVAILABLE |
| -- | 007422 |
| -- | Annex Low-Usage Collection |
| 999 ## - | |
| -- | 76069 |
| -- | 76069 |
| Withdrawn status | Lost status | Source of classification or shelving scheme | Damaged status | Not for loan | Permanent Location | Current Location | Date acquired | Full call number | Barcode | Date last seen | Copy number | Price effective from | Koha item type | Shelving location | Total Checkouts |
|---|---|---|---|---|---|---|---|---|---|---|---|---|---|---|---|
| Withdrawn | CBU-MAIN LIBRARY, KITWE. | CBU-MAIN LIBRARY, KITWE. | 04/25/2023 | HG 4026 Smi | 007421 | 04/25/2023 | 1 | 04/25/2023 | MONOGRAPH | ||||||
| CBU-MAIN LIBRARY, KITWE. | CBU-MAIN LIBRARY, KITWE. | 04/25/2023 | HG 4026 Smi | 007420 | 04/25/2023 | 2 | 04/25/2023 | MONOGRAPH | |||||||
| CBU-MAIN LIBRARY, KITWE. | CBU-MAIN LIBRARY, KITWE. | 04/25/2023 | HG 4026 Smi | 007419 | 04/25/2023 | 3 | 04/25/2023 | MONOGRAPH | |||||||
| Withdrawn | CBU-MAIN LIBRARY, KITWE. | CBU-MAIN LIBRARY, KITWE. | 04/25/2023 | HG 4026 Smi | 007422 | 04/25/2023 | 4 | 04/25/2023 | MONOGRAPH |